[Event "British Chess Championships 2023: First Rapidplay Open"]
[Site "The Venue, De Montfort University, 20 Western Boulevard, Leicester, LE2 7BU"]
[Date "2023.07.21"]
[Round "1"]
[Board "1"]
[White "Godwin, Mark"]
[Black "Han, Yichen"]
[Result "0-1"]
[WhiteElo "1839"]
[BlackElo "2530"]
[PlyCount "0"]
[EventDate "2023.07.21"]
[EventRounds "7"]
[EventCountry "ENG"]

1. e4 e5 2. Nf3 Nc6 3. Bc4 Nf6 4. Nc3 Nxe4 5. Nxe4 d5 6. Bd3 f5 7. Bb5 fxe4 8. Nxe5
Qf6 9. d4 Bd6 10. f4 exf3 11. Qxf3 Qxf3 12. Nxf3 O-O 13. O-O Bg4 14. c3 Bxf3 15.
Rxf3 Rxf3 16. gxf3 Ne7 17. Bd3 Rf8 18. Kg2 Nf5 19. Bxf5 Rxf5 20. Bd2 Rf6 21. Re1
Kf7 22. h4 Rg6+ 23. Kf1 Rg3 24. Ke2 Rh3 25. h5 Rxh5 26. b3 Rh2+ 27. Kd3 h5 28. c4
Rxd2+ 29. Kxd2 Bb4+ 30. Ke2 Bxe1 31. Kxe1 Ke6 32. Kf2 c6 33. a4 a5 34. c5 Kf5 35.
Kg3 g5 36. Kf2 Kf4 37. Ke2 h4  0-1

[Event "British Chess Championships 2023: First Rapidplay Open"]
[Site "The Venue, De Montfort University, 20 Western Boulevard, Leicester, LE2 7BU"]
[Date "2023.07.21"]
[Round "1"]
[Board "3"]
[White "Reid, Patrick D"]
[Black "Dong, Bao Nghia"]
[Result "0-1"]
[WhiteElo "1831"]
[BlackElo "2351"]
[PlyCount "0"]
[EventDate "2023.07.21"]
[EventRounds "7"]
[EventCountry "ENG"]

1. d4 d5 2. c4 c6 3. Nc3 e6 4. Nf3 dxc4 5. a4 Bb4 6. Qc2 Nf6 7. Bd2 O-O 8. e4 Bxc3
9. bxc3 b5 10. Be2 Bb7 11. O-O a6 12. Rfe1 Nbd7 13. e5 Nd5 14. Ng5 g6 15. Qe4 h6
16. Nxe6 Qe7 17. Nxf8 Nxf8 18. Qc2 Ne6 19. Bg4 h5 20. Bxe6 Qxe6 21. f4 Ne7 22. Qe4
Rb8 23. Qe3 Nf5 24. Qh3 Qd5 25. e6 fxe6 26. Re5 Qd6 27. Rae1 Bc8 28. g4 hxg4 29.
Qxg4 Rb7 30. R1e2 b4 31. d5 cxd5 32. cxb4 Rg7 33. Qg5 d4 34. Bc1 d3 35. Re1 c3 36.
Rd1 Bb7 37. h4 Qd4+ 38. Kf1 Bf3 39. Rxe6 Bxd1 40. h5 Bxh5  0-1

[Event "British Chess Championships 2023: First Rapidplay Open"]
[Site "The Venue, De Montfort University, 20 Western Boulevard, Leicester, LE2 7BU"]
[Date "2023.07.21"]
[Round "1"]
[Board "4"]
[White "Raju, Sooraj Menothuparambil"]
[Black "Subramanian, Anusha"]
[Result "0-1"]
[WhiteElo "2237"]
[BlackElo "1808"]
[PlyCount "0"]
[EventDate "2023.07.21"]
[EventRounds "7"]
[EventCountry "ENG"]

1. e4 e6 2. d4 d5 3. exd5 exd5 4. Bd3 Nf6 5. Nc3 c5 6. Nf3 Be7 7. dxc5 Bxc5 8. O-O
O-O 9. Bg5 Be6 10. Ne2 h6 11. Bh4 Re8 12. c3 Nbd7 13. Ned4 Bg4 14. h3 Bxd4 15. hxg4
Bc5 16. g5 hxg5 17. Bxg5 Ne5 18. Nxe5 Rxe5 19. Bh4 Qb6 20. b4 Bf8 21. Bg3 Re7 22.
Qb3 Ne4 23. Bf4 Qf6 24. Bxe4 dxe4 25. Be3 Re6 26. Rad1 Bd6 27. Rd5 Qh4 28. Rfd1 Be5
29. Kf1 Qh1+ 30. Ke2 Qxg2 31. Kd2 Bf4 32. Kc1 Qf3 33. c4 Bxe3+ 34. fxe3 Qf6 35. c5
Re5 36. Rd6 Qf5 37. Rd7 g6 38. Rxb7 a5 39. c6 axb4 40. c7 Rc5+ 41. Kb1 Rc8 42. Rd8+
Kh7 43. Qd1 R8xc7 44. Qh1+ Qh5 45. Qxh5+ gxh5 46. Rxb4 Rc1+ 47. Kb2 R7c2+ 48. Kb3
Rc3+ 49. Kb2 R3c2+ 50. Kb3 Rb1+ 51. Kxc2 Rxb4 52. Kc3 Ra4 53. Kb3 Ra6 54. a4 h4 55.
Rd2 Kh6 56. Rf2 f6 57. Rf4 Kg5 58. Rxe4 h3 59. Re8 f5 60. Rd8 Re6 61. Rg8+ Kh4 62.
a5 Rxe3+ 63. Kc4 h2 64. a6 Re4+ 65. Kd3 Kh3 66. a7 h1=Q 67. Rh8 Rh4 68. a8=Q Qf1+
69. Kd2 Qf4+ 70. Kd3 Qd4+ 71. Ke2 Rxh8 72. Qh1+ Kg4 73. Qg2+ Kf4 74. Qf3+ Ke5 75.
Qg3+ Kd5  0-1

[Event "British Chess Championships 2023: First Rapidplay Open"]
[Site "The Venue, De Montfort University, 20 Western Boulevard, Leicester, LE2 7BU"]
[Date "2023.07.21"]
[Round "1"]
[Board "5"]
[White "Khan, Mohammed"]
[Black "Badacsonyi, Stanley"]
[Result "1-0"]
[WhiteElo "1806"]
[BlackElo "2187"]
[PlyCount "0"]
[EventDate "2023.07.21"]
[EventRounds "7"]
[EventCountry "ENG"]

1. e4 e6 2. d4 d5 3. exd5 exd5 4. Bd3 Nc6 5. c3 Bd6 6. Ne2 Bg4 7. h3 Bh5 8. f4 Qh4+
9. g3 Bxe2 10. Qxe2+ Qe7 11. Be3 Nf6 12. Nd2 O-O-O 13. O-O-O Rhe8 14. Rhe1 h5 15.
Qf3 Qd7 16. f5 Na5 17. Bg5 Qa4 18. Rxe8 Rxe8 19. Bxf6 gxf6 20. Qxd5 Re3 21. Bc2 Qc6
22. Qxa5 a6 23. Ba4 Qg2 24. Nc4 Rxg3 25. Nxd6+ cxd6 26. Qb6 Kb8 27. Re1 Rg8 28. Qxd6+
Ka8 29. Qxf6 Qf2 30. Rd1 Rg2 31. Qb6 Qe3+ 32. Kb1 Qe4+ 33. Ka1 Qf3 34. d5 Qe4 35.
Qd4 Qe7 36. d6 Qd8 37. d7 Rg8 38. Bb3 Rf8 39. Qd6 Ka7 40. Qxf8  1-0

[Event "British Chess Championships 2023: First Rapidplay Open"]
[Site "The Venue, De Montfort University, 20 Western Boulevard, Leicester, LE2 7BU"]
[Date "2023.07.21"]
[Round "1"]
[Board "7"]
[White "Sasikumar, Srivathsan"]
[Black "Matlak, Oleksandr"]
[Result "0-1"]
[WhiteElo "1787"]
[BlackElo "2155"]
[PlyCount "0"]
[EventDate "2023.07.21"]
[EventRounds "7"]
[EventCountry "ENG"]

1. e4 c5 2. Nf3 d6 3. d4 cxd4 4. Nxd4 Nf6 5. Nc3 a6 6. Be2 e6 7. Bg5 Nbd7 8. O-O
Qc7 9. Re1 b5 10. Bf3 Bb7 11. a3 Be7 12. Qd2 Ne5 13. Qf4 Nc4 14. b3 Ne5 15. Nce2
Nxf3+ 16. Nxf3 Nxe4 17. Bxe7 Qxe7 18. Rad1 O-O 19. Ng3 Nxg3 20. Qxg3 Bxf3 21. gxf3
Rfd8 22. Rd4 Rac8 23. c4 bxc4 24. bxc4 Rc5 25. h4 g6 26. Kh2 a5 27. Ree4 Rdc8 28.
Kh3 e5 29. Kg2 Qf6 30. Rd5 a4 31. Rxc5 Rxc5 32. f4 h5 33. fxe5 dxe5 34. Qe3 Qc6 35.
Kh2 Rxc4 36. Rxc4 Qxc4 37. Qxe5 Qxh4+ 38. Kg2 Qg4+ 39. Kh2 Qf5 40. Qe8+ Kg7 41. Qxa4
Qxf2+ 42. Kh3 Qf5+ 43. Kh2 Qe5+ 44. Kh3 g5 45. Qb4 h4 46. Kg4 Kg6 47. Qb6+ f6 48.
Qb1+ f5+ 49. Kf3 g4+ 50. Kg2 h3+ 51. Kg1 Qg3+ 52. Kf1 Qg2+ 53. Ke1 Qg1+ 54. Kd2 Qxb1
55. Ke2 h2 56. Kf2 h1=Q 57. Ke2 Qf3+  0-1

[Event "British Chess Championships 2023: First Rapidplay Open"]
[Site "The Venue, De Montfort University, 20 Western Boulevard, Leicester, LE2 7BU"]
[Date "2023.07.21"]
[Round "1"]
[Board "8"]
[White "Moore, Gerald"]
[Black "Goss, Alex"]
[Result "1-0"]
[WhiteElo "2119"]
[BlackElo "1781"]
[PlyCount "0"]
[EventDate "2023.07.21"]
[EventRounds "7"]
[EventCountry "ENG"]

1. d4 d5 2. c4 c6 3. Nf3 Nf6 4. Nc3 e6 5. g3 dxc4 6. Ne5 b5 7. Bg2 Qb6 8. O-O Bb7
9. a4 a5 10. axb5 cxb5 11. d5 Nbd7 12. Nxd7 Nxd7 13. dxe6 fxe6 14. Bxb7 Qxb7 15.
Qd4 e5 16. Qg4 Qc6 17. Be3 b4 18. Ne4 Nf6 19. Nxf6+ gxf6 20. Rfd1 Be7 21. Qh5+ Kf8
22. Bh6+ Kg8 23. Qg4+ Kf7 24. Qh5+ Kg8 25. Rac1 Qe6 26. Qf3 Rc8 27. Qb7 Kf7 28. Rd7
Rhd8 29. Rcd1 Rxd7 30. Rxd7 Re8 31. Be3 Kg6 32. Rc7 Bf8 33. Rxh7 Re7 34. Qe4+ f5
35. Rxe7 Bxe7 36. Qa8 c3 37. bxc3 bxc3 38. Qxa5 c2 39. Qc3 Qa2 40. Qc6+ Bf6 41. h4
Qb1+ 42. Kg2 Qd1 43. h5+ Kxh5 44. Qxf6 Qd5+ 45. Kh3 Qg8 46. Qxf5+  1-0

[Event "British Chess Championships 2023: First Rapidplay Open"]
[Site "The Venue, De Montfort University, 20 Western Boulevard, Leicester, LE2 7BU"]
[Date "2023.07.21"]
[Round "1"]
[Board "9"]
[White "Hayes, Solomon"]
[Black "Ledger, Stephen C"]
[Result "0-1"]
[WhiteElo "1781"]
[BlackElo "2097"]
[PlyCount "0"]
[EventDate "2023.07.21"]
[EventRounds "7"]
[EventCountry "ENG"]

1. e4 c5 2. Nf3 Nc6 3. Bb5 e6 4. O-O Nge7 5. Re1 a6 6. Bf1 Ng6 7. c3 Be7 8. d4 cxd4
9. cxd4 O-O 10. Nc3 d6 11. Be3 b5 12. d5 Na5 13. a4 b4 14. Na2 exd5 15. exd5 Rb8
16. Bd2 Bf6 17. Nxb4 Bg4 18. Nxa6 Rxb2 19. Bxa5 Qxa5 20. Rc1 Ne5 21. Be2 Bxf3 22.
gxf3 Nxf3+ 23. Bxf3 Qxa6 24. Rc6 Qa7 25. Re2 Rb4 26. Rxd6 Qb8 27. Rc6 Rb1 28. Rc1
Rb4 29. Qd3 Qf4 30. Rce1 g6 31. d6 Rd4 32. Qc3 Rxd6 33. Qa3 Kg7 34. Re4 Qg5+ 35.
Kh1 Rc6 36. Rg4 Qf5 37. Rxg6+ hxg6 38. Bxc6 Qxf2 39. Rg1 Rh8 40. Qg3 Qc5 41. Bb5
Be5 42. Qg2 Qd6 43. h3 Qe6 44. Bf1 Bd4 45. a5 Bxg1 46. Kxg1 Qe3+ 47. Kh2 Re8 48.
a6 Re7 49. Qb2+ Qe5+ 50. Qxe5+ Rxe5 51. Bg2 Ra5 52. Bb7 f5 53. Kg3 Kf6 54. h4 Ra4
55. Bc8 Ke5 56. Bb7 Ra3+ 57. Kf2 Kf4 58. Bc8 Ra2+ 59. Ke1 Ke3 60. Kf1 f4 61. Bb7
f3  0-1

[Event "British Chess Championships 2023: First Rapidplay Open"]
[Site "The Venue, De Montfort University, 20 Western Boulevard, Leicester, LE2 7BU"]
[Date "2023.07.21"]
[Round "1"]
[Board "10"]
[White "Brewer, Callum D"]
[Black "Graff, Ben"]
[Result "0-1"]
[WhiteElo "2071"]
[BlackElo "1780"]
[PlyCount "0"]
[EventDate "2023.07.21"]
[EventRounds "7"]
[EventCountry "ENG"]

1. e4 e6 2. d4 d5 3. Nd2 dxe4 4. Nxe4 Bd7 5. Nf3 Bc6 6. Bd3 Nd7 7. O-O Ngf6 8. Ng3
Be7 9. Re1 Bxf3 10. Qxf3 c6 11. c3 Qa5 12. Bd2 Rd8 13. Qe2 Qb6 14. Nf5 Rg8 15. c4
g6 16. Nxe7 Kxe7 17. Bc3 h5 18. a4 Kf8 19. Qd2 Kg7 20. Qg5 Qc7 21. d5 e5 22. Bd2
Rh8 23. dxc6 Nc5 24. Bc3 Nxd3 25. Re3 Qxc6 26. Rf1 Rhe8 27. Rf3 Re6 28. b3 Qd6 29.
h3 Ne4 30. Rxd3 Nxg5 31. Rxd6 Rdxd6 32. f4 Rd3 33. Bxe5+ f6 34. Ba1 Ne4 35. Kh2 Rxb3
36. f5 gxf5 37. Rxf5 Kg6 38. Rd5 Rb4 39. Rd7 Nc5 40. Rc7 Rc6 41. Re7 Nxa4 42. Bd4
a6 43. g4 hxg4 44. hxg4 Nc5 45. Kg3 Rxc4 46. Bb2 Re6  0-1

[Event "British Chess Championships 2023: First Rapidplay Open"]
[Site "The Venue, De Montfort University, 20 Western Boulevard, Leicester, LE2 7BU"]
[Date "2023.07.21"]
[Round "1"]
[Board "11"]
[White "Banerji, Kumar"]
[Black "Talbot, Mark A"]
[Result "1-0"]
[WhiteElo "1773"]
[BlackElo "2058"]
[PlyCount "0"]
[EventDate "2023.07.21"]
[EventRounds "7"]
[EventCountry "ENG"]

1. e4 e5 2. Nf3 Nf6 3. d4 Nxe4 4. Bd3 Nc6 5. d5 Nc5 6. dxc6 e4 7. b4 Nxd3+ 8. cxd3
exf3 9. O-O dxc6 10. Qxf3 Qd4 11. Qe2+ Be6 12. Bb2 Qxb4 13. Nc3 O-O-O 14. Rab1 Qg4
15. Qe3 Kb8 16. Rfc1 Bd6 17. g3 Rhe8 18. Ne4 f5 19. Nxd6 Rxd6 20. Be5 Bd5 21. f4
Rh6 22. Bxc7+ Kxc7 23. Qxe8 Re6 24. Qf7+ Kd8 25. Qf8+ Re8 26. Qd6+ Kc8 27. Qxd5 Re1+
28. Kg2 Qe2+ 29. Kh3 Qf1+ 30. Qg2 Qe2 31. Qxe2 Rxe2 32. a3 Rd2 33. Rd1 Ra2 34. Rb3
Kc7 35. Re1 Kd6 36. Rxb7 Rxa3 37. Rxg7 Rxd3 38. Rxa7 c5 39. Rxh7 c4 40. Rh8 Kd5 41.
Rd8+  1-0

[Event "British Chess Championships 2023: First Rapidplay Open"]
[Site "The Venue, De Montfort University, 20 Western Boulevard, Leicester, LE2 7BU"]
[Date "2023.07.21"]
[Round "1"]
[Board "12"]
[White "Pilley, Jack"]
[Black "Thornley, Oliver"]
[Result "1-0"]
[WhiteElo "2037"]
[BlackElo "1759"]
[PlyCount "0"]
[EventDate "2023.07.21"]
[EventRounds "7"]
[EventCountry "ENG"]

1. e4 c5 2. Nf3 e6 3. g3 a6 4. Bg2 b5 5. O-O Bb7 6. Re1 Nc6 7. d4 cxd4 8. Nxd4 Nxd4
9. Qxd4 Rc8 10. c3 Nf6 11. Bg5 Bc5 12. Qd3 h6 13. Bf4 Ng4 14. Re2 e5 15. Bd2 f5 16.
exf5 Bxg2 17. Kxg2 d6 18. f3 Nf6 19. a4 Qb6 20. b4 Bxb4 21. cxb4 O-O 22. axb5 axb5
23. Nc3 Rc4 24. Nd5 Qc6 25. Ne7+  1-0

[Event "British Chess Championships 2023: First Rapidplay Open"]
[Site "The Venue, De Montfort University, 20 Western Boulevard, Leicester, LE2 7BU"]
[Date "2023.07.21"]
[Round "1"]
[Board "13"]
[White "Kairat, Alexander"]
[Black "Tozer, Philip Aa"]
[Result "1/2-1/2"]
[WhiteElo "1745"]
[BlackElo "2036"]
[PlyCount "0"]
[EventDate "2023.07.21"]
[EventRounds "7"]
[EventCountry "ENG"]

1. e4 e6 2. d4 d5 3. Nc3 Nf6 4. e5 Nfd7 5. f4 c5 6. Nf3 Nc6 7. Be3 cxd4 8. Bxd4 Nxd4
9. Nxd4 Bc5 10. Qd2 Nxe5 11. fxe5 Qh4+ 12. g3 Qxd4 13. Bb5+ Bd7 14. Bxd7+ Kxd7 15.
O-O-O Qxd2+ 16. Kxd2 a6 17. Rhf1 Ke7 18. Rf3 b5 19. Rdf1 Rhf8 20. Ne2 Rad8 21. h4
f6 22. exf6+ Rxf6 23. Kd3 e5 24. Rxf6 gxf6 25. c3 Rf8 26. Rf5 Rf7 27. g4 Ke6 28.
Rh5 Rg7 29. Kd2 Bf2 30. g5 fxg5 31. hxg5 d4 32. cxd4 exd4 33. Rh6+ Kd5 34. Rxa6 Rxg5
35. Rh6 Be3+ 36. Kd3 Rg7 37. Rh5+ Kc6 38. Nxd4+ Bxd4 39. Kxd4 Rg4+ 40. Kc3 Rg3+ 41.
Kb4 Rg4+ 42. Ka3 Rg7 43. b3 Ra7+ 44. Kb2 Rg7 45. Kc3 Ra7 46. Kb4 Rxa2 47. Rxh7 Rg2
48. Rh6+ Kb7 49. Kxb5 Rg5+ 50. Ka4 Rg1 51. b4 Rg5 52. Rf6 Rh5 53. b5 Rh1 54. Rc6
Ra1+ 55. Kb4 Rb1+ 56. Kc5 Rc1+ 57. Kd6 Rd1+ 58. Ke7 Rb1 59. Kd7 Rxb5 60. Rc7+ Kb8
 1/2-1/2

[Event "British Chess Championships 2023: First Rapidplay Open"]
[Site "The Venue, De Montfort University, 20 Western Boulevard, Leicester, LE2 7BU"]
[Date "2023.07.21"]
[Round "1"]
[Board "14"]
[White "Wells, Tony D"]
[Black "Patel, Rishi"]
[Result "1-0"]
[WhiteElo "2026"]
[BlackElo "1733"]
[PlyCount "0"]
[EventDate "2023.07.21"]
[EventRounds "7"]
[EventCountry "ENG"]

1. e4 e5 2. Nc3 Nc6 3. g3 Nf6 4. Bg2 Bc5 5. Nge2 O-O 6. O-O a6 7. h3 d6 8. Kh2 Re8
9. d3 h6 10. Na4 Nd4 11. Nxc5 dxc5 12. f4 Nxe2 13. Qxe2 Nd7 14. b3 b5 15. Bb2 Bb7
16. Rae1 Qe7 17. Bf3 Rad8 18. Bg4 exf4 19. gxf4 Nf6 20. Rg1 Kh8 21. Bf5 Rg8 22. Qf2
Bc8 23. Bxc8 Rxc8 24. Qh4 Kh7 25. Rxg7+ Rxg7 26. Bxf6 Qf8 27. Bxg7 Qxg7 28. Rg1 Qh8
29. Qg4 Qf8 30. Qf5+ Kh8 31. Qf6+ Kh7 32. e5 Re8 33. Qf5+ Kh8 34. Qf6+ Kh7 35. f5
c6 36. Rg4 a5 37. Re4 Qg7 38. Qxg7+ Kxg7 39. Kg3 Rd8 40. Kf4 Rd5 41. Ke3 Kf8 42.
c3 f6 43. c4 bxc4 44. bxc4 Rd7 45. e6 Rb7 46. Rg4 Rb2 47. Rg6 Rxa2 48. Rxf6+ Ke8
49. Rxh6 Ra1 50. Kf4 Re1 51. Rh8+ Ke7 52. Rh7+ Ke8 53. Ra7 a4 54. Rxa4 Rd1 55. f6
Rf1+ 56. Ke5  1-0

[Event "British Chess Championships 2023: First Rapidplay Open"]
[Site "The Venue, De Montfort University, 20 Western Boulevard, Leicester, LE2 7BU"]
[Date "2023.07.21"]
[Round "1"]
[Board "15"]
[White "Vashisht-Pigem, Raman"]
[Black "Ortiz Sanchez, Luis"]
[Result "0-1"]
[WhiteElo "1723"]
[BlackElo "2018"]
[PlyCount "0"]
[EventDate "2023.07.21"]
[EventRounds "7"]
[EventCountry "ENG"]

1. e4 e5 2. Nf3 Nc6 3. Bc4 Bc5 4. d3 Nf6 5. Nbd2 O-O 6. c3 d5 7. exd5 Nxd5 8. Ne4
Be7 9. O-O Bf5 10. Ng3 Bg6 11. Re1 Nb6 12. Bb5 f6 13. d4 exd4 14. Bxc6 bxc6 15. Nxd4
Qd7 16. Ne6 Qxd1 17. Rxd1 Rfc8 18. Be3 Bd6 19. Bc5 Nc4 20. Bxd6 cxd6 21. b3 Bf7 22.
Nf4 Ne5 23. Rxd6 Rd8 24. Rad1 Rxd6 25. Rxd6 a5 26. Nf5 a4 27. bxa4 Bxa2 28. Ne7+
Kf8 29. Nxc6 Nxc6 30. Rxc6 Rxa4 31. h3 Rxf4 32. Ra6 Bf7 33. Rc6 Rc4 34. Rxc4 Bxc4
35. f4 Ke7 36. Kf2 Ke6 37. Ke3 Bf1 38. Kf2 Ba6 39. Ke3 Bb7 40. g4 Bg2 41. h4 Kd5
42. g5 fxg5 43. hxg5 Bh3 44. Kd2 Bf5 45. Ke3 Kc4 46. Kd2 g6 47. Ke3 Kxc3  0-1

[Event "British Chess Championships 2023: First Rapidplay Open"]
[Site "The Venue, De Montfort University, 20 Western Boulevard, Leicester, LE2 7BU"]
[Date "2023.07.21"]
[Round "1"]
[Board "16"]
[White "Buanne, Luca"]
[Black "Dhemrait, Jagdeep"]
[Result "1-0"]
[WhiteElo "2000"]
[BlackElo "1718"]
[PlyCount "0"]
[EventDate "2023.07.21"]
[EventRounds "7"]
[EventCountry "ENG"]

1. e4 c5 2. Nf3 Nc6 3. d4 cxd4 4. Nxd4 d6 5. c4 g6 6. Nc3 Bg7 7. Be3 Nf6 8. Be2 O-O
9. O-O Nxd4 10. Bxd4 e5 11. Be3 a6 12. Qd2 Qc7 13. Bg5 Be6 14. Rac1 Rac8 15. h3 Qd7
16. Kh2 Bxc4 17. Bxc4 Rxc4 18. Bxf6 Rd4 19. Qg5 h6 20. Qh4 g5 21. Qh5 Bxf6 22. Qxh6
Qd8 23. Nd5 Bg7 24. Qh5 f5 25. Rc7 Rxd5 26. Rxg7+ Kxg7 27. exd5 Rh8 28. Qf3 Qd7 29.
Kg1 g4 30. hxg4 fxg4 31. Qe4 Kf6 32. f4 gxf3 33. Qxf3+ Kg6 34. Qf6+ Kh7 35. Rf5 Qg7
36. Rh5+ Kg8 37. Rg5  1-0

[Event "British Chess Championships 2023: First Rapidplay Open"]
[Site "The Venue, De Montfort University, 20 Western Boulevard, Leicester, LE2 7BU"]
[Date "2023.07.21"]
[Round "1"]
[Board "17"]
[White "Subin, Samvrit"]
[Black "Agrawal, Shivam"]
[Result "0-1"]
[WhiteElo "1704"]
[BlackElo "1998"]
[PlyCount "0"]
[EventDate "2023.07.21"]
[EventRounds "7"]
[EventCountry "ENG"]

1. e4 c6 2. Nc3 d5 3. Nf3 Bg4 4. exd5 cxd5 5. d4 Nc6 6. Be2 e6 7. O-O Nf6 8. h3 Bh5
9. Bg5 Qb6 10. Be3 Bd6 11. Qd2 O-O 12. Na4 Qc7 13. Nc5 Bxc5 14. dxc5 Ne4 15. Qd3
Rac8 16. Qb3 f5 17. Nd4 Nxd4 18. Bxd4 Bxe2 19. Rfe1 Bh5  0-1

[Event "British Chess Championships 2023: First Rapidplay Open"]
[Site "The Venue, De Montfort University, 20 Western Boulevard, Leicester, LE2 7BU"]
[Date "2023.07.21"]
[Round "1"]
[Board "18"]
[White "Kothari, Jai"]
[Black "Mandnikar, Atreya"]
[Result "0-1"]
[WhiteElo "1966"]
[BlackElo "1692"]
[PlyCount "0"]
[EventDate "2023.07.21"]
[EventRounds "7"]
[EventCountry "ENG"]

1. e4 c5 2. Nf3 Nc6 3. d4 cxd4 4. Nxd4 g6 5. Nc3 Bg7 6. Be3 Nf6 7. f3 O-O 8. Bc4
d6 9. Qd2 Na5 10. Bd3 Bd7 11. g4 h5 12. gxh5 Nxh5 13. O-O-O Rc8 14. f4 Nxf4 15. Bxf4
Bxd4 16. Ne2 Bg7 17. h4 Qb6 18. e5 dxe5 19. Be3 Qe6 20. Qxa5 e4 21. h5 exd3 22. Rxd3
Qc6 23. Qd2 Qxh1+ 24. Bg1 Bf5 25. Rc3 Bxc3 26. bxc3 Qxh5 27. Be3 Rfd8 28. Qe1 Bg4
29. Ng3 Rd1+ 30. Qxd1 Bxd1 31. Nxh5 Bxh5 32. Bxa7 Rxc3 33. Bd4 Rc6 34. c3 Bf3 35.
Kd2 f5 36. Ke3 Be4 37. Be5 Ra6 38. Kf4 Rxa2 39. Kg5 Kf7 40. Kf4 Rg2 41. Bd4 g5+ 42.
Ke5 Rd2 43. Be3 Rd5#  0-1

[Event "British Chess Championships 2023: First Rapidplay Open"]
[Site "The Venue, De Montfort University, 20 Western Boulevard, Leicester, LE2 7BU"]
[Date "2023.07.21"]
[Round "1"]
[Board "19"]
[White "Dayal, Samar"]
[Black "Fellowes, Billy"]
[Result "1-0"]
[WhiteElo "1676"]
[BlackElo "1941"]
[PlyCount "0"]
[EventDate "2023.07.21"]
[EventRounds "7"]
[EventCountry "ENG"]

1. e4 Nc6 2. Nf3 d6 3. d4 Nf6 4. Bd3 g6 5. Be3 Bg7 6. Nbd2 O-O 7. Qe2 e5 8. c3 h6
9. O-O-O Ng4 10. Rdg1 Nxe3 11. fxe3 Ne7 12. g4 c6 13. h4 Be6 14. Kb1 b5 15. c4 bxc4
16. Nxc4 Bxc4 17. Bxc4 d5 18. Bd3 dxe4 19. Bxe4 exd4 20. exd4 Rb8 21. h5 Nd5 22.
Bxd5 Qxd5 23. g5 Rfe8 24. Qf2 Qe4+ 25. Ka1 hxg5 26. Nxg5 Qd5 27. hxg6 fxg6 28. Qh4
Qxd4 29. Qh7+ Kf8 30. Rf1+ Ke7 31. Re1+ Kd8 32. Rd1 Rxb2 33. Qxg7 Rd2+ 34. Qxd4+
Rxd4 35. Rxd4+ Kc7 36. Re4 Rb8 37. Rh7+ Kd6 38. Rxa7 Rf8 39. Nf7+ Kd5 40. Re5+ Kd4
41. Ra4+ Kd3 42. Nd6 Kc3 43. Re3+ Kc2 44. Rc4+ Kd2 45. Rcc3 g5 46. Nc4+ Kd1 47. Red3
Ke1 48. Rd2 Rb8 49. Rc1  1-0

[Event "British Chess Championships 2023: First Rapidplay Open"]
[Site "The Venue, De Montfort University, 20 Western Boulevard, Leicester, LE2 7BU"]
[Date "2023.07.21"]
[Round "1"]
[Board "20"]
[White "Bartram, William"]
[Black "Lee, Alexandre Km"]
[Result "0-1"]
[WhiteElo "1932"]
[BlackElo "1534"]
[PlyCount "0"]
[EventDate "2023.07.21"]
[EventRounds "7"]
[EventCountry "ENG"]

1. e4 e6 2. d4 d5 3. Nc3 Bb4 4. e5 c5 5. a3 Ba5 6. b4 cxd4 7. Qxd4 Bc7 8. Nf3 Ne7
9. Bg5 Nbc6 10. Bb5 O-O 11. Qh4 Qd7 12. O-O Ng6 13. Qg3 f6 14. Bf4 Nxf4 15. Qxf4
fxe5 16. Qd2 Qe7 17. Rae1 e4 18. Nd4 Bf4 19. Qd1 Qc7 20. Bxc6 bxc6 21. g3 Bd6 22.
f4 Rf6 23. b5 Bd7 24. a4 cxb5 25. Ncxb5 Bxb5 26. Nxb5 Qb6+ 27. Kh1 Bc5 28. f5 a6
29. Nc3 Raf8 30. fxe6 Rxf1+ 31. Rxf1 Rxf1+ 32. Qxf1 Qxe6 33. Qf4 Bd4 34. Qb8+ Kf7
35. Qb7+ Kf8 36. Nxd5 e3 37. Qb8+ Qe8 38. Qf4+ Qf7 39. Qd6+ Kg8 40. Ne7+ Kf8 41.
Nc8+ Kg8 42. Ne7+ Kf8 43. Nd5+ Kg8 44. Qd8+ Qf8 45. Qxf8+ Kxf8 46. Nf4 Ke7 47. Kg2
Kd6 48. Kf3 Kc5 49. Ke4 Kc4  0-1

[Event "British Chess Championships 2023: First Rapidplay Open"]
[Site "The Venue, De Montfort University, 20 Western Boulevard, Leicester, LE2 7BU"]
[Date "2023.07.21"]
[Round "1"]
[Board "21"]
[White "Pradhan, Ayan"]
[Black "Gopakumar, Siddharth"]
[Result "0-1"]
[WhiteElo "1521"]
[BlackElo "1881"]
[PlyCount "0"]
[EventDate "2023.07.21"]
[EventRounds "7"]
[EventCountry "ENG"]

1. e4 c5 2. Nc3 Nc6 3. Bb5 Nd4 4. Bc4 e6 5. Nge2 a6 6. a4 Nxe2 7. Qxe2 g6 8. d3 Bg7
9. O-O Ne7 10. f4 O-O 11. Bb3 d5 12. Rd1 d4 13. Nb1 Bd7 14. Nd2 b5 15. Nf3 Qc7 16.
Bd2 Rfc8 17. axb5 axb5 18. Rxa8 Rxa8 19. c3 Nc6 20. e5 Na5 21. Bc2 dxc3 22. bxc3
c4 23. d4 Bc6 24. Ra1 Qb7 25. Rb1 Bf8 26. Ng5 h6 27. Ne4 Be7 28. Kf2 Nb3 29. Bxb3
Bxe4 30. Re1 cxb3 31. Qxe4 Qxe4 32. Rxe4 b2 33. Re1 Ra1  0-1

[Event "British Chess Championships 2023: First Rapidplay Open"]
[Site "The Venue, De Montfort University, 20 Western Boulevard, Leicester, LE2 7BU"]
[Date "2023.07.21"]
[Round "1"]
[Board "22"]
[White "Honarvarmahalati, Hooman"]
[Black "Goatcher, Matthew W"]
[Result "1-0"]
[WhiteElo "1862"]
[BlackElo "1518"]
[PlyCount "0"]
[EventDate "2023.07.21"]
[EventRounds "7"]
[EventCountry "ENG"]

1. e4 Nf6 2. Nc3 d5 3. exd5 Nxd5 4. Bc4 c6 5. Qf3 e6 6. Nge2 Be7 7. O-O O-O 8. d3
Bf6 9. Ne4 Be7 10. Nf4 Nd7 11. Bd2 Ne5 12. Qe2 Nxf4 13. Bxf4 Nxc4 14. dxc4 Qb6 15.
b3 Rd8 16. a4 a5 17. Rad1 f6 18. Rxd8+ Qxd8 19. Rd1 Qe8 20. Bc7 e5 21. c5 Qg6 22.
Nd6 Bh3 23. f3 Be6 24. Bb6 Bxd6 25. cxd6 Qf7 26. Qd2 Bd7 27. Bxa5 Qe6 28. Bb6 g5
29. Qe2 Kf7 30. Bc5 g4 31. fxg4 Qxg4 32. Qd3 Rg8 33. Rd2 Qh5 34. Rf2 Rg7  1-0

[Event "British Chess Championships 2023: First Rapidplay Open"]
[Site "The Venue, De Montfort University, 20 Western Boulevard, Leicester, LE2 7BU"]
[Date "2023.07.21"]
[Round "1"]
[Board "23"]
[White "Al Dakl Alla, Muhammad"]
[Black "Masani, Matthew M"]
[Result "0-1"]
[WhiteElo "1410"]
[BlackElo "1862"]
[PlyCount "0"]
[EventDate "2023.07.21"]
[EventRounds "7"]
[EventCountry "ENG"]

1. d4 Nf6 2. Bf4 d5 3. Nf3 c5 4. e3 Nc6 5. c3 Qb6 6. Qb3 c4 7. Qxb6 axb6 8. Nbd2
Bf5 9. Be2 h6 10. O-O e6 11. a4 g5 12. Bg3 Ne4 13. Nxe4 Bxe4 14. Nd2 Bc2 15. Bd1
Bd3 16. Re1 f5 17. Be2 Bc2 18. Bd1 Bxd1 19. Rexd1 Kd7 20. f3 Bd6 21. Bxd6 Kxd6 22.
e4 Ra6 23. g4 f4 24. exd5 exd5 25. Nb1 Rha8 26. Na3 Rxa4 27. Re1 Kd7 28. Re2 b5 29.
Rae1 b4 30. Nc2 bxc3 31. bxc3 Ra2 32. Kg2 Rb2 33. h4 Raa2 34. Rc1 Na5 35. hxg5 hxg5
36. Kf1 Nb3 37. Rce1 Kc7 38. Re7+ Kb6 39. R1e6+ Ka7 40. Nb4 Nd2+ 41. Ke2 Ne4+ 42.
Nc2 Rxc2+ 43. Kd1  0-1